00662nam a2200217 u 450000100100000000500170001000800410002704100090006804300120007710000250008924501020011425000120021626000320022830000110026049000250027165000250029665000270032165000300034865000270037870000390040500005561620200120223128.0130606s1977 mx gr 000 0 spa d0 a*spa an-mx---1 aGarcilaso de la Vega10aPoesías completas /cGarcilaso de la Vega ; nota preliminar de Federico Carlos Sainz de Robles. a5a. ed. aMéxico :bAguilar,c1977. a281 p.0 acrisol literariov3414aPoesía española.24aLiteratura española.24aMujeres en la literatura.24aAmor en la literatura.1 aSaínz de Robles, Federico Carlos